000 00638nam a2200193 4500
001 148546
003 ES-MaACL
005 20230906202707.0
007 t|
008 070214s1958 sp r ||||1| spa d
100 1 _aStrohm, Rufus T.
_9108448
245 1 0 _aFórmulas /
_cpor Rufus T. Strohm.
250 _a[1ª ed.].
260 _aMadrid [etc.] :
_bEscuelas Internacionales,
_c[1958] (
_fNebreda)
300 _a57, 3 p. :
_bil. ;
_c19 cm.
500 _aEscuelas Internacionales (International Correspondence Schools System), 7005.
710 2 _aInternational Correspondence Schools.
_95267
852 _aES-MaACL
_j2021-F-19
_bR.45901
999 _c148546
_d148546